000 00294nam a22001337a 4500
008 170504b xxu||||| |||| 00| 0 eng d
020 _a9780314275158
041 _aeng
080 _a34
100 _a14
101 _aSHJ
245 _aCOURTROOM EVIDENCE HANDBOOK
_cGOODE, S
942 _2udc
_cBK
999 _c12686
_d12686